00423nam a2200181Ia 4500003000400000005001700004008004100021020001800062040000700080041000800087082002100095100002800116245003100144250000600175260003400181300001300215365001300228OSt20230330103406.0210423s2009 xx 000 0 und d a9788120327115 cAL aeng a658.3 223bPATB aPATTANAYAK (Biswajeet). aHuman resource management. a3 aNew DelhibOxford & IBHc2009 axvii,484 b325cINR